000 00288nam a22001337a 4500
008 170914b xxu||||| |||| 00| 0 eng d
020 _a0819168483
041 _aeng
080 _a7
100 _a44
101 _aART
245 _aTHE BRUSHAND THECOMPASS
_cHARTAL,P.Z
942 _2udc
_cBK
999 _c27750
_d27750